[Event "Scarborough CC Spring Into Summer U1700"]
[Site "Toronto CAN"]
[Date "2011.06.23"]
[Round "8"]
[White "Lin, William"]
[Black "Zhang, Taylor"]
[Result "1-0"]
[WhiteElo "1384"]
[BlackElo "1102"]
[PlyCount "137"]
[GameId "2160767909770454"]
[EventDate "2011.04.28"]
[EventType "swiss"]
[EventRounds "9"]
[EventCountry "CAN"]
[SourceTitle "EXT 2022"]
[Source "ChessBase"]
[SourceDate "2021.10.06"]
[SourceVersion "1"]
[SourceVersionDate "2021.10.06"]
[SourceQuality "1"]

1. e4 e5 2. f4 d6 3. Nf3 Nc6 4. Bc4 Bg4 5. O-O a6 6. h3 Bxf3 7. Qxf3 Nf6 8. Nc3 Be7 9. d3 O-O 10. Ne2 Nb4 11. Bb3 a5 12. a3 Nc6 13. Bd2 Nd7 14. Kh1 Nc5 15. Bd5 Qd7 16. b4 axb4 17. axb4 Ne6 18. Bc3 h6 19. f5 Ng5 20. Qh5 Nh7 21. Rxa8 Rxa8 22. Qxf7+ Kh8 23. Qe6 Qxe6 24. Bxe6 Ra4 25. Rb1 Nf8 26. Bd5 Nd7 27. b5 Nd8 28. Bb3 Ra7 29. Kg1 Nc5 30. Bc4 Ra4 31. Rb4 Rxb4 32. Bxb4 c6 33. bxc6 Nxc6 34. Bxc5 dxc5 35. Bd5 Bd6 36. Bxc6 bxc6 37. g4 Kg8 38. Kf2 Kf7 39. Nc1 Ke7 40. h4 Kf6 41. Nb3 Ke7 42. g5 hxg5 43. hxg5 Kd7 44. g6 Bf8 45. Ke2 Kc7 46. Kd2 Kb6 47. Kc3 Kb5 48. Nd2 Ka5 49. Nc4+ Kb5 50. Nxe5 Bd6 51. Nf7 Be7 52. Kb3 Ka5 53. c4 Bf6 54. e5 Be7 55. Kc3 Kb6 56. Kb3 Ka5 57. Ka3 Bf8 58. Nd8 Kb6 59. Ne6 Be7 60. Nxg7 Bf8 61. Ne6 Be7 62. g7 Kb7 63. g8=Q Bd8 64. Nxd8+ Kc7 65. Qf7+ Kc8 66. e6 Kxd8 67. e7+ Kd7 68. e8=Q+ Kd6 69. Qfd7# 1-0

[Event "Scarborough CC Spring Into Summer U1700"]
[Site "Toronto CAN"]
[Date "2011.06.23"]
[Round "8"]
[White "Ming, Wenyang"]
[Black "Song, Eric"]
[Result "0-1"]
[WhiteElo "1209"]
[BlackElo "1488"]
[PlyCount "94"]
[GameId "2160767909770456"]
[EventDate "2011.04.28"]
[EventType "swiss"]
[EventRounds "9"]
[EventCountry "CAN"]
[SourceTitle "EXT 2022"]
[Source "ChessBase"]
[SourceDate "2021.10.06"]
[SourceVersion "1"]
[SourceVersionDate "2021.10.06"]
[SourceQuality "1"]

1. e4 e5 2. Nf3 Nc6 3. Bc4 Nf6 4. Nc3 Bc5 5. d3 h6 6. h3 O-O 7. O-O d6 8. Be3 Bxe3 9. fxe3 Re8 10. Qd2 Qe7 11. Rae1 Rf8 12. d4 Bd7 13. a3 Rad8 14. Qd3 Nb8 15. Nd5 Nxd5 16. Bxd5 c6 17. Bb3 Bc8 18. Rf2 Nd7 19. Ref1 Nf6 20. Nd2 d5 21. exd5 Nxd5 22. dxe5 Qxe5 23. e4 Nf6 24. Qf3 Be6 25. Bxe6 Qxe6 26. Re2 Qe7 27. Rfe1 Qc5+ 28. Qf2 Qg5 29. e5 Nd5 30. Qxa7 Nf4 31. Rf2 Nxh3+ 32. Kf1 Nxf2 33. Qxf2 Rxd2 34. Re2 Rxe2 35. Qxe2 Re8 36. Qd1 Rxe5 37. c3 Qf4+ 38. Kg1 Qe3+ 39. Kh1 Qg3 40. b4 Re1+ 41. Qxe1 Qxe1+ 42. Kh2 g5 43. Kh3 f5 44. Kh2 g4 45. g3 f4 46. gxf4 Qf2+ 47. Kh1 g3 0-1

[Event "Scarborough CC Spring Into Summer U1700"]
[Site "Toronto CAN"]
[Date "2011.06.23"]
[Round "8"]
[White "Smith, Maurice"]
[Black "Tismenko, Dennis"]
[Result "1-0"]
[WhiteElo "1577"]
[BlackElo "1448"]
[PlyCount "81"]
[GameId "2160767909770458"]
[EventDate "2011.04.28"]
[EventType "swiss"]
[EventRounds "9"]
[EventCountry "CAN"]
[SourceTitle "EXT 2022"]
[Source "ChessBase"]
[SourceDate "2021.10.06"]
[SourceVersion "1"]
[SourceVersionDate "2021.10.06"]
[SourceQuality "1"]

1. d4 d5 2. c4 e6 3. Nc3 Nf6 4. Bg5 Nbd7 5. Nf3 Be7 6. e3 a6 7. Bd3 dxc4 8. Bxc4 b5 9. Bd3 Bb7 10. O-O O-O 11. Rc1 c5 12. dxc5 Nxc5 13. Be2 Qxd1 14. Rfxd1 Rfd8 15. Ne5 b4 16. Nb1 Nce4 17. Bh4 Rac8 18. f3 Rxd1+ 19. Rxd1 g5 20. Be1 Nd6 21. Bd3 Nf5 22. Bf2 Bc5 23. e4 Bxf2+ 24. Kxf2 Nd4 25. Nc4 Nh5 26. g3 f5 27. Nd6 Rc7 28. Nxb7 Rxb7 29. Bxa6 Ra7 30. Bc4 Rd7 31. Bxe6+ Nxe6 32. Rxd7 fxe4 33. fxe4 Nc5 34. Rd4 Nf6 35. Nd2 Ng4+ 36. Kg1 Ne5 37. Rxb4 Ncd3 38. Rb5 Kf7 39. a4 Kf6 40. a5 Nd7 41. a6 1-0

[Event "Scarborough CC Spring Into Summer U1700"]
[Site "Toronto CAN"]
[Date "2011.06.23"]
[Round "8"]
[White "Yu, Tianxi"]
[Black "Patel, Saiyam"]
[Result "1-0"]
[WhiteElo "1039"]
[BlackElo "926"]
[PlyCount "51"]
[GameId "2160767909770461"]
[EventDate "2011.04.28"]
[EventType "swiss"]
[EventRounds "9"]
[EventCountry "CAN"]
[SourceTitle "EXT 2022"]
[Source "ChessBase"]
[SourceDate "2021.10.06"]
[SourceVersion "1"]
[SourceVersionDate "2021.10.06"]
[SourceQuality "1"]

1. e4 e6 2. d4 Qf6 3. Nf3 Nc6 4. e5 Qf5 5. Bd3 Qh5 6. h3 f5 7. a3 Qg6 8. O-O d6 9. Re1 dxe5 10. Nxe5 Nxe5 11. Rxe5 b5 12. Bxb5+ Kf7 13. Bc6 Ba6 14. Bxa8 Qf6 15. Ra5 Nh6 16. Rxa6 Rg8 17. d5 exd5 18. Rxf6+ Kxf6 19. Bxd5 g5 20. Bxg8 g4 21. Bxh6 gxh3 22. gxh3 f4 23. Bxf4 Bd6 24. Bxd6 cxd6 25. Qxd6+ Kg7 26. Nc3 1-0

[Event "Scarborough CC Spring Into Summer U1700"]
[Site "Toronto CAN"]
[Date "2011.06.23"]
[Round "8"]
[White "Zhao, Harry"]
[Black "Zhao, Yanchun"]
[Result "1-0"]
[WhiteElo "1469"]
[BlackElo "1148"]
[PlyCount "86"]
[GameId "2160767909770462"]
[EventDate "2011.04.28"]
[EventType "swiss"]
[EventRounds "9"]
[EventCountry "CAN"]
[SourceTitle "EXT 2022"]
[Source "ChessBase"]
[SourceDate "2021.10.06"]
[SourceVersion "1"]
[SourceVersionDate "2021.10.06"]
[SourceQuality "1"]

1. d4 d5 2. c4 c6 3. Nc3 Nf6 4. Bg5 Bf5 5. e3 e6 6. Bd3 Bxd3 7. Qxd3 h6 8. Bh4 Be7 9. Nf3 Nbd7 10. O-O O-O 11. cxd5 exd5 12. Rac1 b5 13. Bg3 Qa5 14. a3 b4 15. axb4 Qxb4 16. Qc2 c5 17. dxc5 Nxc5 18. Rfd1 Rfd8 19. Rd4 Qb3 20. h3 Rab8 21. Bxb8 Rxb8 22. Ne5 Rb6 23. g3 Re6 24. Nf3 Bd6 25. Rdd1 Qb4 26. Nxd5 Qb7 27. Nxf6+ Rxf6 28. Rxd6 Rxd6 29. Qxc5 Rf6 30. Qc8+ Qxc8 31. Rxc8+ Kh7 32. Ne5 Rf5 33. Nc6 a6 34. Ra8 Rb5 35. Rxa6 Rxb2 36. Kg2 f6 37. g4 Rb5 38. Kg3 Rc5 39. Nd4 Rd5 40. Nf5 Rd7 41. f4 Rc7 42. h4 Rc5 43. Ra7 Rc1 1-0

[Event "Scarborough CC Spring Into Summer U1700"]
[Site "Toronto CAN"]
[Date "2011.06.30"]
[Round "9"]
[White "Chen, George"]
[Black "Law, James"]
[Result "0-1"]
[WhiteElo "1259"]
[BlackElo "1462"]
[PlyCount "118"]
[GameId "2160767909770463"]
[EventDate "2011.04.28"]
[EventType "swiss"]
[EventRounds "9"]
[EventCountry "CAN"]
[SourceTitle "EXT 2022"]
[Source "ChessBase"]
[SourceDate "2021.10.06"]
[SourceVersion "1"]
[SourceVersionDate "2021.10.06"]
[SourceQuality "1"]

1. e4 e6 2. d4 d5 3. e5 c5 4. c3 Nc6 5. Nf3 Qb6 6. Qc2 cxd4 7. cxd4 Nxd4 8. Nxd4 Qxd4 9. Qc7 Qc5 10. Qxc5 Bxc5 11. Nc3 Bd7 12. Bb5 Bxb5 13. Nxb5 Rc8 14. O-O a6 15. Be3 axb5 16. Bxc5 Rxc5 17. Rac1 b6 18. h3 Ne7 19. Rxc5 bxc5 20. Rc1 c4 21. b3 O-O 22. bxc4 bxc4 23. Kf1 Ra8 24. Ra1 Nc6 25. f4 h6 26. a4 Na5 27. Ke2 Nb3 28. Ra3 Ra5 29. Kd1 Nc5 30. Kc2 Rxa4 31. Rxa4 Nxa4 32. g4 Nc5 33. Kc1 Nd3+ 34. Kd2 Nxf4 35. h4 Ng6 36. h5 Nxe5 37. Ke3 Nxg4+ 38. Kd4 Nf6 39. Kc3 Nxh5 40. Kd2 Nf6 41. Kc3 h5 42. Kd2 h4 43. Ke2 h3 44. Kf2 h2 45. Kg2 Ng4 46. Kh1 Nf2+ 47. Kxh2 c3 48. Kg2 c2 49. Kf3 c1=Q 50. Ke2 Ne4 51. Kf3 Qc3+ 52. Ke2 Qd2+ 53. Kf3 Ng5+ 54. Kg4 d4 55. Kg3 d3 56. Kg4 Qg2+ 57. Kf4 d2 58. Ke5 d1=Q 59. Kf4 Qd4# 0-1

[Event "Scarborough CC Spring Into Summer U1700"]
[Site "Toronto CAN"]
[Date "2011.06.30"]
[Round "9"]
[White "Dattani, Dinesh"]
[Black "Lin, Benjamin1"]
[Result "1-0"]
[WhiteElo "1379"]
[BlackElo "1117"]
[PlyCount "113"]
[GameId "2160767909770464"]
[EventDate "2011.04.28"]
[EventType "swiss"]
[EventRounds "9"]
[EventCountry "CAN"]
[SourceTitle "EXT 2022"]
[Source "ChessBase"]
[SourceDate "2021.10.06"]
[SourceVersion "1"]
[SourceVersionDate "2021.10.06"]
[SourceQuality "1"]

1. e4 c5 2. Nf3 Nc6 3. d4 cxd4 4. Nxd4 e5 5. Nb3 Nf6 6. Nc3 d6 7. Bg5 Be7 8. Qd2 Be6 9. O-O-O O-O 10. Bxf6 Bxf6 11. Qxd6 Bxb3 12. Qxd8 Raxd8 13. Rxd8 Rxd8 14. axb3 Bg5+ 15. Kb1 Nd4 16. Nd5 f5 17. f3 Kf7 18. Bc4 b5 19. Bd3 f4 20. Nc7 Rb8 21. Ka2 b4 22. c3 bxc3 23. bxc3 Nc6 24. Bc4+ Kg6 25. Rd1 Rd8 26. Rxd8 Bxd8 27. Ne6 Bb6 28. b4 Kf6 29. Nc5 Bxc5 30. bxc5 Ke7 31. Bd5 Kd7 32. Kb3 Kc7 33. Ka4 Kb7 34. Kb5 a6+ 35. Kc4 Kc7 36. Be6 Na5+ 37. Kd5 Nc6 38. Bf7 Ne7+ 39. Kxe5 Nc6+ 40. Kxf4 Ne7 41. Be8 Kd8 42. Ba4 Kc7 43. Ke5 Ng6+ 44. Ke6 Kd8 45. Kf7 Ne5+ 46. Kxg7 Ng6 47. Kf6 Nf8 48. Kf7 Ng6 49. g3 Ne7 50. f4 Ng6 51. f5 Ne7 52. f6 Ng6 53. Kg7 Ne5 54. f7 Nxf7 55. Kxf7 Kc7 56. e5 Kd8 57. e6 1-0

[Event "Scarborough CC Spring Into Summer U1700"]
[Site "Toronto CAN"]
[Date "2011.06.30"]
[Round "9"]
[White "Farhang, Arvin"]
[Black "Arjavkumar, Joshi"]
[Result "1-0"]
[WhiteElo "1606"]
[BlackElo "1100"]
[PlyCount "40"]
[GameId "2160767909770465"]
[EventDate "2011.04.28"]
[EventType "swiss"]
[EventRounds "9"]
[EventCountry "CAN"]
[SourceTitle "EXT 2022"]
[Source "ChessBase"]
[SourceDate "2021.10.06"]
[SourceVersion "1"]
[SourceVersionDate "2021.10.06"]
[SourceQuality "1"]

1. d4 Nf6 2. c4 g6 3. Nc3 Bg7 4. e4 d6 5. Nf3 O-O 6. Be2 e6 7. O-O b6 8. Bg5 Nbd7 9. e5 dxe5 10. dxe5 Bb7 11. exf6 Bxf6 12. Bxf6 Nxf6 13. Ne5 Qe7 14. Qd4 Rad8 15. Qh4 Rd2 16. Qh6 Kh8 17. Qxd2 Ng4 18. Bxg4 Rd8 19. Qe3 Qh4 20. Qg3 Qg5 1-0

[Event "Scarborough CC Spring Into Summer U1700"]
[Site "Toronto CAN"]
[Date "2011.06.30"]
[Round "9"]
[White "Graham, John"]
[Black "Cui, Gordon"]
[Result "1/2-1/2"]
[WhiteElo "1402"]
[BlackElo "1264"]
[PlyCount "116"]
[GameId "2160767909770466"]
[EventDate "2011.04.28"]
[EventType "swiss"]
[EventRounds "9"]
[EventCountry "CAN"]
[SourceTitle "EXT 2022"]
[Source "ChessBase"]
[SourceDate "2021.10.06"]
[SourceVersion "1"]
[SourceVersionDate "2021.10.06"]
[SourceQuality "1"]

1. c4 e5 2. e3 Nf6 3. Nc3 d5 4. a3 Be6 5. cxd5 Nxd5 6. Nge2 Be7 7. Nxd5 Qxd5 8. Nc3 Qd7 9. Bb5 c6 10. Be2 Na6 11. b4 Bf5 12. e4 Bg6 13. Qa4 Qd4 14. Bxa6 b5 15. Bxb5 cxb5 16. Qxb5+ Kf8 17. Qd5 Rd8 18. Qxd4 exd4 19. Nd5 Bd6 20. d3 Be5 21. O-O f5 22. f4 Bb8 23. e5 Rxd5 24. Re1 Kf7 25. Bb2 Re8 26. Rac1 Bh5 27. Kf2 g5 28. g3 gxf4 29. gxf4 Rg8 30. h3 Rdd8 31. Rc4 Rc8 32. Rec1 Rxc4 33. Rxc4 Rd8 34. Rxd4 Rxd4 35. Bxd4 Ke6 36. Bc5 Kd5 37. Kg3 Be2 38. d4 a6 39. a4 Ke4 40. Bd6 Ba7 41. Kh4 Kxd4 42. Kg5 Ke4 43. e6 Bc4 44. e7 Bf7 45. Kf6 Be8 46. a5 Be3 47. Kg5 h6+ 48. Kxh6 Bxf4+ 49. Bxf4 Kxf4 50. Kg7 Kg3 51. Kf8 Bb5 52. e8=Q Bxe8 53. Kxe8 f4 54. b5 f3 55. bxa6 f2 56. a7 f1=Q 57. a8=Q Qe2+ 58. Kf7 Qh5+ 1/2-1/2

[Event "Scarborough CC Spring Into Summer U1700"]
[Site "Toronto CAN"]
[Date "2011.06.30"]
[Round "9"]
[White "Kurkowski, Ken"]
[Black "Guo, Tan"]
[Result "1-0"]
[WhiteElo "1516"]
[BlackElo "1538"]
[PlyCount "99"]
[GameId "2160767909770467"]
[EventDate "2011.04.28"]
[EventType "swiss"]
[EventRounds "9"]
[EventCountry "CAN"]
[SourceTitle "EXT 2022"]
[Source "ChessBase"]
[SourceDate "2021.10.06"]
[SourceVersion "1"]
[SourceVersionDate "2021.10.06"]
[SourceQuality "1"]

1. d4 d5 2. c4 e6 3. Nc3 Nf6 4. cxd5 exd5 5. Bg5 Be7 6. e3 c6 7. Bd3 O-O 8. Nge2 Nbd7 9. Qc2 h6 10. Bh4 b6 11. f3 c5 12. dxc5 bxc5 13. b3 Ne5 14. Bf5 d4 15. exd4 cxd4 16. Rd1 Bc5 17. Be4 Rb8 18. Nd5 Qa5+ 19. Qd2 Qxd2+ 20. Rxd2 Nxd5 21. Bxd5 Bb4 22. Nxd4 Re8 23. Kd1 Bxd2 24. Kxd2 Bb7 25. Bxb7 Rxb7 26. Bf2 Rd7 27. Re1 Kf8 28. f4 Nc6 29. Rxe8+ Kxe8 30. Kc3 Nxd4 31. Bxd4 f6 32. g4 Ke7 33. h4 Ke6 34. g5 Kf5 35. gxh6 gxh6 36. b4 a6 37. a4 Rg7 38. b5 axb5 39. axb5 Rb7 40. Kc4 Ke6 41. b6 f5 42. Kc5 Rd7 43. Be5 Rd1 44. b7 Rc1+ 45. Kd4 Rb1 46. b8=Q Rxb8 47. Bxb8 Kf6 48. h5 Ke6 49. Kc5 Kf6 50. Kd5 1-0

[Event "Scarborough CC Spring Into Summer U1700"]
[Site "Toronto CAN"]
[Date "2011.06.30"]
[Round "9"]
[White "Pishdad, Hassan"]
[Black "Vyravanathan, Sobiga"]
[Result "1/2-1/2"]
[WhiteElo "1270"]
[BlackElo "1321"]
[PlyCount "81"]
[GameId "2160767909770468"]
[EventDate "2011.04.28"]
[EventType "swiss"]
[EventRounds "9"]
[EventCountry "CAN"]
[SourceTitle "EXT 2022"]
[Source "ChessBase"]
[SourceDate "2021.10.06"]
[SourceVersion "1"]
[SourceVersionDate "2021.10.06"]
[SourceQuality "1"]

1. d4 Nf6 2. c4 e6 3. e3 Bb4+ 4. Bd2 Bxd2+ 5. Nxd2 O-O 6. Ngf3 Nc6 7. Bd3 Nb4 8. Bc2 Nxc2+ 9. Qxc2 d5 10. O-O Bd7 11. Rac1 dxc4 12. Qxc4 Bc6 13. Ne5 Bd5 14. Qxc7 Qxc7 15. Rxc7 Rac8 16. Rfc1 Rcd8 17. a3 Ne4 18. Ndf3 Nd6 19. R7c3 f6 20. Nd3 Ne4 21. R3c2 Bb3 22. Rc7 Nd6 23. R7c3 Bd5 24. Nf4 Rc8 25. Nxd5 exd5 26. Rxc8 Rxc8 27. Rxc8+ Nxc8 28. Nd2 Kf7 29. f3 Ke6 30. e4 b5 31. Kf2 Nd6 32. a4 a5 33. Ke3 Nc8 34. h4 Nd6 35. Kf4 Ne8 36. g4 Nd6 37. Kg3 Ne8 38. f4 dxe4 39. Nxe4 Kd5 40. Kf3 Kxd4 41. g5 1/2-1/2

[Event "Scarborough CC Spring Into Summer U1700"]
[Site "Toronto CAN"]
[Date "2011.06.30"]
[Round "9"]
[White "Song, Eric"]
[Black "Azizi, Hamid"]
[Result "1/2-1/2"]
[WhiteElo "1488"]
[BlackElo "1388"]
[PlyCount "72"]
[GameId "2160767909770470"]
[EventDate "2011.04.28"]
[EventType "swiss"]
[EventRounds "9"]
[EventCountry "CAN"]
[SourceTitle "EXT 2022"]
[Source "ChessBase"]
[SourceDate "2021.10.06"]
[SourceVersion "1"]
[SourceVersionDate "2021.10.06"]
[SourceQuality "1"]

1. e4 d6 2. d4 Nf6 3. Nc3 g6 4. Nf3 Bg7 5. Be2 Nbd7 6. O-O a6 7. Re1 b5 8. a3 c5 9. Bg5 b4 10. axb4 cxb4 11. Bxf6 Nxf6 12. Nd5 Nxd5 13. exd5 O-O 14. Qd2 Bf5 15. Bxa6 Qb6 16. Bd3 Bg4 17. Be2 Bxf3 18. Bxf3 Rxa1 19. Rxa1 Bxd4 20. Rb1 Ra8 21. g3 Ra2 22. b3 Qc5 23. Be4 f5 24. Bd3 Bg7 25. Qe2 Kf8 26. Bc4 Ra1 27. Rxa1 Bxa1 28. Qd2 Kg7 29. Qe2 Kf8 30. Qd2 Bd4 31. h4 Be5 32. Kg2 Bc3 33. Qh6+ Kg8 34. Qf4 Be5 35. Qd2 Bc3 36. Qe2 Kf8 1/2-1/2

[Event "Scarborough CC Spring Into Summer U1700"]
[Site "Toronto CAN"]
[Date "2011.06.30"]
[Round "9"]
[White "Super, Russell"]
[Black "Zhao, Harry"]
[Result "1-0"]
[WhiteElo "1419"]
[BlackElo "1469"]
[PlyCount "117"]
[GameId "2160767909770472"]
[EventDate "2011.04.28"]
[EventType "swiss"]
[EventRounds "9"]
[EventCountry "CAN"]
[SourceTitle "EXT 2022"]
[Source "ChessBase"]
[SourceDate "2021.10.06"]
[SourceVersion "1"]
[SourceVersionDate "2021.10.06"]
[SourceQuality "1"]

1. e4 c5 2. Nf3 Nc6 3. d4 cxd4 4. Nxd4 Nf6 5. Nc3 d6 6. Be2 g6 7. O-O Bg7 8. Nb3 O-O 9. h3 Bd7 10. Be3 Qc8 11. Qd2 Bxh3 12. gxh3 Qxh3 13. Bf4 Nh5 14. Bxh5 Qxh5 15. Qe2 Qh3 16. Qd3 Qg4+ 17. Qg3 Qxg3+ 18. Bxg3 Nb4 19. Rfc1 Rac8 20. a3 Bxc3 21. bxc3 Na6 22. Nd4 Rxc3 23. Bf4 e5 24. Bd2 Rc4 25. Nb5 Rxe4 26. Be3 Nc5 27. Nxd6 Rg4+ 28. Kf1 b6 29. f3 Ra4 30. Bxc5 bxc5 31. Ne4 Rc4 32. Nf6+ Kg7 33. Ne4 h5 34. Ke2 Rd8 35. c3 f5 36. Nd2 Ra4 37. Rcb1 c4 38. Rb4 Rxb4 39. axb4 Rd3 40. Rxa7+ Kf6 41. Ra3 h4 42. Nxc4 Rd8 43. b5 h3 44. Kf2 Rh8 45. Kg1 Ke6 46. b6 Rb8 47. Ra6 Kd5 48. Na5 Kc5 49. b7 e4 50. Ra8 e3 51. Rxb8 e2 52. Re8 e1=Q+ 53. Rxe1 Kd5 54. b8=Q Kc5 55. Rd1 h2+ 56. Kxh2 g5 57. Qd6+ Kb5 58. Rb1+ Kxa5 59. Qa3# 1-0

[Event "Scarborough CC Spring Into Summer U1700"]
[Site "Toronto CAN"]
[Date "2011.06.30"]
[Round "9"]
[White "Termeer, Ted"]
[Black "Aghamalian, Leonid"]
[Result "0-1"]
[WhiteElo "1404"]
[BlackElo "1484"]
[PlyCount "62"]
[GameId "2160767909770473"]
[EventDate "2011.04.28"]
[EventType "swiss"]
[EventRounds "9"]
[EventCountry "CAN"]
[SourceTitle "EXT 2022"]
[Source "ChessBase"]
[SourceDate "2021.10.06"]
[SourceVersion "1"]
[SourceVersionDate "2021.10.06"]
[SourceQuality "1"]

1. Nf3 d5 2. d4 Bg4 3. Bf4 Nf6 4. Nc3 e6 5. a3 Bd6 6. Ne5 Nbd7 7. Bg3 Bh5 8. f4 a6 9. Bh4 Be7 10. Bf2 Nxe5 11. dxe5 Ng4 12. g3 Nxf2 13. Kxf2 Bc5+ 14. Ke1 c6 15. Qd2 Qb6 16. Qc1 Bf2+ 17. Kd1 Qd4+ 18. Qd2 Qb6 19. Rb1 Be3 20. Na4 Qa7 21. Qb4 a5 22. Qc3 O-O 23. b3 Bg6 24. Nb2 Be4 25. Rg1 Bxg1 26. Kd2 Qd4+ 27. Qxd4 Bxd4 28. Nd3 Bxd3 29. exd3 Bg1 30. h4 Bf2 31. Be2 Bxg3 0-1

[Event "Scarborough CC Spring Into Summer U1700"]
[Site "Toronto CAN"]
[Date "2011.06.30"]
[Round "9"]
[White "Thanabalachandran, Kajan"]
[Black "Xiao, Jerry"]
[Result "1-0"]
[WhiteElo "1599"]
[BlackElo "930"]
[PlyCount "57"]
[GameId "2160767909770474"]
[EventDate "2011.04.28"]
[EventType "swiss"]
[EventRounds "9"]
[EventCountry "CAN"]
[SourceTitle "EXT 2022"]
[Source "ChessBase"]
[SourceDate "2021.10.06"]
[SourceVersion "1"]
[SourceVersionDate "2021.10.06"]
[SourceQuality "1"]

1. e4 g6 2. d4 Bg7 3. Nc3 d6 4. Bc4 Nf6 5. Nf3 h6 6. h3 O-O 7. O-O c6 8. a4 d5 9. exd5 cxd5 10. Bb3 Be6 11. Bf4 Nc6 12. Qd2 Kh7 13. Rfe1 Nh5 14. Be3 a6 15. Rad1 Qd6 16. Ne2 b5 17. Nf4 Nxf4 18. Bxf4 Qd7 19. Kh1 Bxh3 20. gxh3 Qxh3+ 21. Nh2 Bxd4 22. Bxd5 Rad8 23. Bxc6 Be5 24. Qe3 Qxe3 25. Bxe3 Rc8 26. Be4 Bxb2 27. axb5 axb5 28. Bd4 Bxd4 29. Rxd4 1-0

[Event "Scarborough CC Spring Into Summer U1700"]
[Site "Toronto CAN"]
[Date "2011.06.30"]
[Round "9"]
[White "Wu, Mark"]
[Black "Thanabalachandran, Luxiga"]
[Result "1-0"]
[WhiteElo "1052"]
[BlackElo "838"]
[PlyCount "119"]
[GameId "2160767909770475"]
[EventDate "2011.04.28"]
[EventType "swiss"]
[EventRounds "9"]
[EventCountry "CAN"]
[SourceTitle "EXT 2022"]
[Source "ChessBase"]
[SourceDate "2021.10.06"]
[SourceVersion "1"]
[SourceVersionDate "2021.10.06"]
[SourceQuality "1"]

1. e4 d5 2. exd5 Qxd5 3. Nc3 Qd6 4. d4 Nc6 5. Nf3 Bg4 6. d5 Ne5 7. Be2 Nf6 8. h3 Bxf3 9. Bxf3 e6 10. dxe6 Qxe6 11. Bxb7 Rb8 12. Bd5 Qd6 13. Bf4 Be7 14. O-O Rxb2 15. Re1 Qb4 16. Bxe5 O-O 17. Ne4 Rd8 18. Bxb2 Qxb2 19. Nxf6+ Bxf6 20. Bb3 h6 21. Qxd8+ Bxd8 22. Re8+ Kh7 23. Rae1 Bf6 24. Bxf7 Qxc2 25. Rf8 Qc3 26. Ree8 g6 27. Bb3 Be5 28. Re7+ Bg7 29. Bg8+ Kh8 30. Bb3+ Bxf8 31. Rxc7 Bd6 32. Rxc3 Bb4 33. Rc7 a5 34. Ra7 g5 35. Rb7 h5 36. Rb5 Bd2 37. Kf1 Kg7 38. Ke2 Bb4 39. Rxg5+ Kh6 40. Rb5 Kg6 41. f4 h4 42. Rg5+ Kh6 43. a3 Bd6 44. Rxa5 Bxf4 45. Rf5 Bd6 46. Rf6+ Kg5 47. Rxd6 Kf4 48. a4 Kg3 49. Kf1 Kf4 50. a5 Ke5 51. Rd5+ Kf4 52. a6 Ke4 53. a7 Ke3 54. a8=Q Ke4 55. Rh5+ Ke3 56. Rxh4 Kd2 57. Qf3 Kc1 58. Qe2 Kb1 59. Qc2+ Ka1 60. Qa2# 1-0

[Event "Scarborough CC Spring Into Summer U1700"]
[Site "Toronto CAN"]
[Date "2011.06.30"]
[Round "9"]
[White "Zhao, Yanchun"]
[Black "Ming, Wenyang"]
[Result "1-0"]
[WhiteElo "1148"]
[BlackElo "1209"]
[PlyCount "87"]
[GameId "2160767909770476"]
[EventDate "2011.04.28"]
[EventType "swiss"]
[EventRounds "9"]
[EventCountry "CAN"]
[SourceTitle "EXT 2022"]
[Source "ChessBase"]
[SourceDate "2021.10.06"]
[SourceVersion "1"]
[SourceVersionDate "2021.10.06"]
[SourceQuality "1"]

1. e4 c5 2. Nf3 d6 3. d4 cxd4 4. Nxd4 Nf6 5. Nc3 g6 6. Bd3 Bg7 7. Nf3 O-O 8. Bf4 Nc6 9. e5 dxe5 10. Nxe5 Bd7 11. O-O Nh5 12. Nxd7 Qxd7 13. Be3 Rfd8 14. Qe2 a6 15. Bb6 Rdc8 16. Qe4 Nf6 17. Qf3 Ne5 18. Qe2 Nxd3 19. cxd3 Rc6 20. Ba5 Rac8 21. Bb4 Re6 22. Qf3 Qc6 23. Qxc6 Rcxc6 24. Rfe1 Bf8 25. h3 Kg7 26. Ba3 h5 27. d4 Kh6 28. d5 Rxe1+ 29. Rxe1 Rc7 30. f4 h4 31. Kh2 Nh5 32. Re4 Ng3 33. Re5 Nh5 34. Ne2 f6 35. Re6 Ng7 36. Re4 Rd7 37. Nc3 Nh5 38. Rc4 Kg7 39. Rd4 Ng3 40. Rd3 Nf5 41. Ne4 e6 42. d6 b6 43. Kg1 Kf7 44. Kf2 1-0

[Event "Scarborough CC Spring Into Summer U2000"]
[Site "Toronto CAN"]
[Date "2011.04.28"]
[Round "1"]
[White "Armstrong, Robert J"]
[Black "Verde, Pino"]
[Result "1-0"]
[WhiteElo "1740"]
[BlackElo "1660"]
[PlyCount "59"]
[GameId "2160767909770477"]
[EventDate "2011.04.28"]
[EventType "swiss"]
[EventRounds "9"]
[EventCountry "CAN"]
[SourceTitle "EXT 2022"]
[Source "ChessBase"]
[SourceDate "2021.10.06"]
[SourceVersion "1"]
[SourceVersionDate "2021.10.06"]
[SourceQuality "1"]

1. d4 f5 2. c4 Nf6 3. Nc3 c6 4. Nf3 d6 5. g3 Nbd7 6. Bg2 e5 7. dxe5 dxe5 8. O-O Bc5 9. b3 O-O 10. Bb2 Ng4 11. Na4 Bxf2+ 12. Rxf2 b5 13. cxb5 Bb7 14. Nh4 Nxf2 15. Kxf2 e4 16. Qd4 Qe7 17. Bh3 cxb5 18. Nc3 Ne5 19. Nxb5 Ng4+ 20. Kg1 Rad8 21. Qc4+ Bd5 22. Qc3 a6 23. Ba3 Qf6 24. Bxf8 axb5 25. Qxf6 Nxf6 26. Be7 Rc8 27. Nxf5 Rc2 28. Bxf6 Kf7 29. Bxg7 Rxe2 30. Bd4 1-0

[Event "Scarborough CC Spring Into Summer U2000"]
[Site "Toronto CAN"]
[Date "2011.04.28"]
[Round "1"]
[White "Bellomo, Joe"]
[Black "Su, Stanley"]
[Result "0-1"]
[WhiteElo "1674"]
[BlackElo "1798"]
[PlyCount "59"]
[GameId "2160767909770478"]
[EventDate "2011.04.28"]
[EventType "swiss"]
[EventRounds "9"]
[EventCountry "CAN"]
[SourceTitle "EXT 2022"]
[Source "ChessBase"]
[SourceDate "2021.10.06"]
[SourceVersion "1"]
[SourceVersionDate "2021.10.06"]
[SourceQuality "1"]

1. e4 e5 2. Nf3 Nc6 3. Bb5 a6 4. Ba4 Nf6 5. O-O Be7 6. Re1 b5 7. Bb3 d6 8. c3 O-O 9. h3 Na5 10. Bc2 c5 11. d3 Nc6 12. Nbd2 Ne8 13. Nf1 f5 14. exf5 Bxf5 15. Ne3 Bg6 16. Nd5 Nf6 17. Nxe7+ Nxe7 18. Ng5 Qd7 19. Bb3+ Kh8 20. Be6 Qb7 21. c4 b4 22. Qe2 Nc6 23. Be3 h6 24. Ne4 Bxe4 25. dxe4 Nxe4 26. Bd5 Nf6 27. Qd1 Nxd5 28. Qxd5 Qc7 29. Rad1 Nd4 30. Ra1 0-1